| 000 | 01018nam a22003017a 4500 | ||
|---|---|---|---|
| 001 | BR9803386 | ||
| 003 | BR-BrBNA | ||
| 005 | 20230928100030.0 | ||
| 007 | ta | ||
| 008 | 230509b bl.||||| |||| 00| 0 por d | ||
| 040 |
_aBR-BrBNA _bpor _cBiblioteca Nacional de Agricultura |
||
| 041 | _a(Por) | ||
| 072 |
_aL70 _b5400 |
||
| 090 | _ 5400 BR9803386 | ||
| 100 | 1 | _aRibeiro, I. de C. | |
| 110 | 1 |
_aUniversidade Federal de Minas Gerais, Belo Horizonte (Brasil). Escola de Veterinaria _0Tese (Doutor em Ciencia Animal) |
|
| 245 | 1 | _aA influencia da heparina nos enxertos autogenos gengivais: estudo comparativo, clinico e histologico do processo de cicatrizacao em caes | |
| 260 | 3 |
_aBelo Horizonte, MG (Brasil): _c1997. |
|
| 300 | _a138 p. | ||
| 500 | _aBibliography (311 ref.); Summaries (Eng, Por); 7 graphs; 24 illus.; 11 tables | ||
| 650 | _aCao | ||
| 650 | _aDoenca Animal | ||
| 650 | _aHeparina | ||
| 650 | _aLesao | ||
| 650 | _aCicatrizacao | ||
| 909 |
_a202309 _bLucia _c55 _dLucia Elande |
||
| 942 | _cBK | ||
| 999 |
_c59967 _d59967 |
||